Statystyki dla Góry, Wyżyny, Niziny Ameryka Południowa

Kliknij tutaj aby rozwiązać quiz!

Ogólne statystyki

  • Ten quiz został rozwiązany 154 razy
  • Średni wynik to 4 z 6

Statystyki odpowiedzi

HintOdpowiedź% Poprawnych
Góry Ameryka PołudniowaAndy
91%
Wyżyna Ameryka PołudniowaBrazylijska
75%
Wyżyna Ameryka PołudniowaGujańska
61%
Nizina Ameryka PołudniowaAmazonki
59%
Nizina Ameryka PołudniowaLa Platy
58%
Wyżyna Ameryka PołudniowaPatagońska
48%

Rozkład punktacji

Percentyl według liczby udzielonych odpowiedzi

Procent ludzi z każdym wynikiem

Twoja historia wyników

Nie rozwiązałeś tego quizu